000 00529nam a22001937a 4500
003 KOHA_MİRAKIL
005 20240930101033.0
008 240929b2021 tu ||||| |||| 00| 0 tur d
020 _a9786057639912
040 _aTR-AnABB
_btur
_cTR-AnABB
041 _atur
082 _a828.3354
_bDUN 2021
100 _aDunbar, Paul Laurence.
245 0 _aÇağrılmayan /
_cPaul Laurence Dunbar.
260 _aİstanbul :
_bDedalus,
_c2021.
300 _a168 sayfa ;
_c21 cm.
650 _aAmerikan edebiyatı, roman
942 _2ddc
_cBK
999 _c3002
_d3002